Normal view MARC view
  • Perú-Sociedades Costeñas

Entry NOMBRE GEOGRÁFICO

Number of records used in: 1

001 - NUMERO DE CONTROL DEL REGISTRO

  • Campo de control: 339301

003 - IDENTIFICADOR DEL NUMERO DE CONTROL

  • Campo de control: ES-SlBCS

005 - FECHA Y HORA DE LA ULTIMA TRANSACCION

  • Campo de control: 20210327230505.0

008 - ELEMENTOS DE LONGITUD FIJA

  • Campo de control de longitud fija: 210327|| aca||aabn | a|a d

040 ## - FUENTE DE LA CATALOGACION

  • Agencia que crea de manera original el registro: ES-SlBCS
  • Agencia que realiza la transcripción: ES-SlBCS

151 ## - ENCABEZAMIENTO - NOMBRE GEOGRAFICO

  • Nombre geográfico: Perú-Sociedades Costeñas

670 ## - FUENTE EN LA QUE SE LOCALIZARON DATOS

  • Cita de la fuente: Work cat.: (ES-SlBCS)765535: Rostwororowski, María 339300, Las sociedades costeñas centroandinas

Bibliotecas Dominicos Provincia Hispania, 2016

Con tecnología Koha